| 000 | 02167cam a2200349 i 4500 | ||
|---|---|---|---|
| 001 | 22524218 | ||
| 003 | IT-Cin | ||
| 005 | 20221008155741.0 | ||
| 008 | 210709s2021 it b 001 0 ita d | ||
| 010 | _a 2020494482 | ||
| 020 |
_a9788806252205 : _c28.00 EUR |
||
| 035 | _a(ItFiC)4936793 | ||
| 035 | _a(OCoLC)1285959151 | ||
| 040 |
_aItFiC _erda _cItFiC _dDLC |
||
| 042 | _alccopycat | ||
| 082 | _a265.309-ALK ma (axa 23324) | ||
| 100 | 1 |
_aAl Kalak, Matteo, _eautore / professore di storia moderna e storia del cristianesimo _959219 _d1979- |
|
| 245 | 1 | 0 |
_aMangiare Dio : _buna storia dell'eucarestia / _cMatteo Al Kalak. |
| 264 | 1 |
_aTorino : _bEinaudi, _c2021 |
|
| 300 |
_axvii, 251 pages ; _c24 cm. |
||
| 336 |
_atext _btxt _2rdacontent |
||
| 337 |
_aunmediated _bn _2rdamedia |
||
| 338 |
_avolume _bnc _2rdacarrier |
||
| 490 | 0 |
_aEinaudi storia ; _v96 |
|
| 504 | _aInclude bibliografia e indice dei nomi. | ||
| 520 | _aIl legame tra il pane dell’eucarestia e la sostanza del corpo di Cristo è un connotato distintivo del mondo cristiano. Per quanto ai culti antichi non fosse estraneo il sacrificio della divinità e i pasti rituali fossero un uso comune, l’eucarestia conserva elementi di radicale irriducibilità ad altri sistemi cultuali e dottrinali. I cristiani furono investiti pressoché subito da accuse di cannibalismo, che si saldarono con imputazioni di infanticidio, incesto e altre immoralità che avevano nella carne il loro denominatore comune. La pratica di “mangiare Dio” scandalizzò molti pagani e continuò a costituire una pietra d’inciampo lungo i due millenni di vita della Chiesa. Messa in discussione da teologi e pensatori medievali, contestata ai tempi della Riforma protestante, l’eucarestia resta un sacramento controverso, difficile da comprendere e, allo stesso tempo, essenziale. | ||
| 650 | 0 |
_aEucaristia. Cena del Signore _xStoria. _959220 |
|
| 856 | 4 | 1 |
_3Table of contents only _uhttps://www.loc.gov/catdir/toc/cassalini18/4936793.pdf |
| 906 |
_a7 _bcbc _ccopycat _d3 _encip _f20 _gy-gencatlg |
||
| 942 |
_2ddc _cBK |
||
| 999 |
_c359510 _d359510 |
||